000
002700000a22001090004500
090
_a
AS
_b
Seriadas
245
1
0
_a
Notas sobre aves de Colombia IV
041
0
_a
Español
100
1
_a
María, Nicéforo
_9
95755
942
_c
ARTICULO
773
1
_t
Caldasia
_h
32
_q
173-176
_d
1955
_g
7
999
_c
15836
_d
15836